000 00580nam a2200169 i 4500
001 102060
003 ES-MaACL
005 20230906183034.0
007 t|
008 051103s1925 sp ||||1| spa d
080 _a336.722(460.27 M.)(055.5)
110 2 _aMonte de Piedad y Caja de Ahorros de Madrid.
_95765
245 1 0 _aMemoria y cuenta general del Monte de Piedad y Caja de Ahorros de Madrid correspondiente al año 1925.
260 _aMadrid :
_b[s.n.],
_c1925.
610 2 _aMonte de Piedad y Caja de Ahorros de Madrid-
_vMemorias.
_9144680
852 _aES-MaACL
_j1655-F-5
999 _c102060
_d102060